[Event "Satka Autumn 2017"]
[Site "Satka"]
[Date "2017.09.15"]
[Round "4"]
[White "Mukhina, Jana"]
[Black "Pogorelskikh, Sofia"]
[Result "0-1"]
[WhiteElo "1923"]
[BlackElo "2023"]
[Annotator "NA RC"]
[PlyCount "128"]
[EventDate "2017.??.??"]
[EventType "swiss"]
[EventCountry "RUS"]
[SourceTitle "playchess.com"]
[Source "ChessBase"]
[SourceQuality "1"]
[TimeControl "5400+30"]

{[%evp 8,128,26,16,33,27,27,-8,13,20,14,15,9,8,15,5,22,0,11,10,0,0,0,2,37,0,0,0,0,-22,0,-27,-30,-37,-43,-52,-48,-45,-33,-50,-51,-90,-98,-99,-86,-79,-97,-110,-109,-110,-107,-112,-116,-118,-91,-104,-92,-108,-84,-156,-145,-160,-145,-159,-140,-136,-131,-142,-138,-159,-152,-172,-136,-140,-147,-128,-135,-157,-136,-156,-158,-177,-140,-146,-158,-212,-238,-305,-356,-354,-257,-468,-418,-494,-396,-550,-446,-394,-477,-471,-503,-704,-591,-600,-908,-806,-697,-1247,-2262,-2871,-12839,-5616,-29971,-12844,-12845,-804,-8258,-29982,-29984,-29985,-29986,-29988,-29987]} 1. e4 {[%emt 0:00:00]} c5 {[%emt 0:00:06]} 2. Nf3 {[%emt 0:00:00]} d6 {[%emt 0:00:07]} 3. Bb5+ {[%emt 0:00:00]} Bd7 {[%emt 0:00:06]} 4. Bxd7+ {[%emt 0:00:00]} Qxd7 {[%emt 0:00:05]} 5. O-O {[%emt 0:00:00]} Nf6 {[%emt 0:00:12]} 6. Qe2 {[%emt 0:00:03]} Nc6 {[%emt 0:00:16]} 7. Rd1 {[%emt 0:00:01] B52: Sicilian: Moscow Variation with 3...Bd7} (7. c3 e6 8. d4 cxd4 9. cxd4 d5 10. e5 Ne4 11. Nbd2 Nxd2 12. Bxd2 Be7 13. Rac1 O-O 14. g3 Rfc8 15. h4 Bd8 16. h5 h6 17. Kg2 Ne7 18. b3 Rxc1 19. Rxc1 Rc8 20. Rxc8 Qxc8 21. Qd3 Nc6 22. Ne1 Be7 23. Nc2 a6 24. g4 Qf8 25. Qc3 Bd8 26. Qd3 Be7 27. Qc3 Bd8 28. Qd3 {½-½ (28) Laznicka,V (2664)-Kovalyov,A (2641) Linares 2017}) 7... Rc8 {[%emt 0:00:36]} (7... g5 $5) 8. c3 {[%emt 0:00:11]} e6 {[%emt 0:00:15]} 9. d4 {[%emt 0:00:16]} cxd4 {[%emt 0:00:07]} 10. Bg5 {[%emt 0:00:03]} (10. cxd4 d5 11. e5 Ne4 12. Be3 Be7 13. Ne1 f6 14. f3 Ng5 15. Bxg5 fxg5 {0-1 (29) Mukhina,J (2125)-Pogorelskikh,S (1721) Satka 2016}) 10... Be7 {[%emt 0:21:11]} 11. cxd4 {[%emt 0:00:05]} h6 {[%emt 0:02:14] LiveBook: 8 Games} 12. Bxf6 {[%emt 0:01:28]} Bxf6 {[%emt 0:01:31]} 13. e5 {[%emt 0:00:00]} Be7 {[%emt 0:01:18]} 14. exd6 {[%emt 0:00:02]} Qxd6 {[%emt 0:01:20]} 15. Nc3 $146 {[%emt 0:00:01]} Nb4 {[%emt 0:14:34]} 16. d5 {[%emt 0:24:39]} (16. a3 $5 {[%cal Ra3b4]} Nd5 17. Qb5+ Qc6 18. Qxc6+ bxc6 19. Rac1 $14) 16... Nxd5 {[%emt 0:00:32]} 17. Nxd5 {[%emt 0:00:11]} exd5 {[%emt 0:00:11]} 18. Nd4 {[%emt 0:22:15]} Kf8 {[%emt 0:03:43]} ({Don't blunder} 18... O-O $2 19. Nf5 $18) 19. Rd3 {[%emt 0:09:45]} (19. Nf5 $5 {[%cal Rf5d6]} Qe6 20. Qd3 $11) 19... g6 {[%emt 0:05:45]} 20. Rad1 {[%emt 0:12:38]} Bf6 {[%emt 0:04:49]} 21. Nb5 {[%emt 0:09:25]} Qe6 {[%emt 0:02:57]} 22. Qd2 {[%emt 0:02:38]} a6 {[%emt 0:06:37]} 23. Nd4 {[%emt 0:00:56]} Qb6 {[%emt 0:02:02]} 24. g3 {[%emt 0:02:24]} Kg7 {[%emt 0:01:51]} 25. Rb3 {[%emt 0:02:19]} Qc7 {[%emt 0:04:08]} 26. Ne2 {[%emt 0:01:05]} Rhd8 {[%emt 0:01:22]} 27. Nf4 {[%emt 0:02:18]} d4 {[%emt 0:01:31]} 28. Rd3 {[%emt 0:03:00]} Rd6 {[%emt 0:03:49]} 29. Ne2 {[%emt 0:01:03]} Rcd8 {[%emt 0:00:50]} 30. h4 {[%emt 0:01:09]} h5 {[%emt 0:01:21]} 31. Qf4 {[%emt 0:00:46]} Qd7 {[%emt 0:01:43]} 32. Nc3 {[%emt 0:01:03]} Qg4 {[%emt 0:06:34]} 33. Ne4 {[%emt 0:02:30]} (33. Qxg4 $142 hxg4 34. Ne4) 33... Qxf4 {[%emt 0:00:23]} 34. gxf4 {[%emt 0:00:02]} Rb6 {[%emt 0:05:02]} ({Not} 34... Bxh4 35. Nxd6 Rxd6 36. Rxd4 $14) 35. Nxf6 {[%emt 0:00:21]} Kxf6 {[%emt 0:00:10]} 36. b3 {[%emt 0:00:54]} Rbd6 {[%emt 0:00:51]} 37. Kg2 {[%emt 0:00:13]} Kf5 {[%emt 0:00:23]} 38. Kf3 {[%emt 0:00:33]} Rd5 {[%emt 0:00:38]} 39. R1d2 {[%emt 0:00:59]} f6 {[%emt 0:01:10]} 40. Rd1 {[%emt 0:02:10]} R8d7 {[%emt 0:02:09]} 41. R1d2 {[%emt 0:01:14]} Ra5 {[%emt 0:01:20]} 42. a4 {[%emt 0:01:29]} Rc5 {[%emt 0:01:29]} 43. Rd1 {[%emt 0:00:36]} b6 {[%emt 0:01:35]} 44. Kg3 {[%emt 0:00:33]} a5 {[%emt 0:00:49]} 45. Kf3 {[%emt 0:00:08]} Rd6 {[%emt 0:02:18]} 46. Kg3 {[%emt 0:00:57] [#]} Ke6 $1 {[%emt 0:00:43]} 47. Kf3 {[%emt 0:00:26]} Rc3 {[%emt 0:00:38]} 48. Ke4 {[%emt 0:00:36]} (48. Ke2 $142) 48... f5+ {[%emt 0:00:23]} 49. Kf3 {[%emt 0:00:04]} Rxd3+ {[%emt 0:00:20]} 50. Rxd3 {[%emt 0:00:01]} Kd5 {[%emt 0:00:11]} 51. Rd1 {[%emt 0:01:01]} Rc6 {[%emt 0:00:20]} 52. Rg1 {[%emt 0:00:25]} Rc3+ {[%emt 0:00:50]} 53. Ke2 {[%emt 0:00:04]} Rxb3 {[%emt 0:00:29]} 54. f3 {[%emt 0:00:13]} (54. Rxg6 $142 Ke4 55. Re6+ Kxf4 56. Rg6) 54... Re3+ {[%emt 0:00:20]} 55. Kd2 {[%emt 0:01:26]} Rxf3 {[%emt 0:00:40]} 56. Rxg6 {[%emt 0:00:07]} Rxf4 {[%emt 0:00:35]} 57. Rxb6 {[%emt 0:00:32]} Rxh4 {[%emt 0:00:29]} 58. Rb5+ {[%emt 0:00:04]} Ke4 {[%emt 0:00:07]} 59. Rxa5 {[%emt 0:00:03]} Rh2+ {[%emt 0:00:18]} 60. Ke1 {[%emt 0:00:05]} Ra2 {[%emt 0:00:27]} 61. Ra8 {[%emt 0:00:19]} h4 {[%emt 0:00:50]} 62. a5 {[%emt 0:00:57]} h3 {[%emt 0:00:16]} 63. a6 {[%emt 0:00:51]} h2 {[%emt 0:00:15]} 64. Rh8 {[%emt 0:00:09] [#]} h1=Q+ {[%emt 0:00:21]} 0-1

[Event "Satka Autumn 2017"]
[Site "Satka"]
[Date "2017.09.15"]
[Round "4"]
[White "Nasybullina, Dayana"]
[Black "Semenova, Elena"]
[Result "0-1"]
[WhiteElo "1724"]
[BlackElo "2284"]
[Annotator "TA"]
[PlyCount "68"]
[EventDate "2017.??.??"]
[EventType "swiss"]
[EventCountry "RUS"]
[SourceTitle "playchess.com"]
[Source "ChessBase"]
[SourceQuality "1"]

{[%evp 20,68,-36,-70,-12,-28,-30,-43,-20,-27,16,0,0,0,25,24,97,-59,31,-89,73,70,68,0,0,-33,-39,-125,-62,-113,-114,-107,-113,-160,-138,-214,-196,-177,0,-247,-247,-243,-129,-516,-508,-1022,-1000,-29996,-29997,-29997,-29998]} 1. e4 c5 2. Nf3 Nc6 3. d3 g6 4. g3 Bg7 5. Bg2 d6 6. O-O e5 7. Nbd2 Nge7 8. c3 O-O 9. Re1 h6 10. a4 Be6 11. Nc4 {LiveBook: 12 Games} a6 {A04: Unusual lines after 1 Nf3 and King's Indian Attack} ({Better is} 11... f5 $15 12. b3 f4) 12. Bd2 $146 ({Predecessor:} 12. Qe2 b5 13. axb5 axb5 14. Rxa8 Qxa8 15. Nxd6 Qb8 16. d4 Qxd6 17. d5 Nxd5 18. exd5 Bxd5 19. Rd1 {½-½ (41) Poey Durut,P (1995)-Bressac,S (2197) Troyes 2010}) 12... b5 13. Ne3 Qd7 {Black is slightly better.} 14. Nh4 bxa4 15. Rxa4 Rfb8 {Strongly threatening ...Bb3.} 16. Qa1 Qb7 17. Bc1 Na7 (17... a5 $11 {remains equal.}) 18. Nd5 $2 (18. Nhf5 $16) 18... Nb5 ({Much worse is} 18... Bxd5 19. exd5 Nac8 20. Nf3 $11) (18... Nxd5 $15 19. exd5 Bxd5) 19. f4 (19. Nxe7+ $14 {keeps the upper hand.} Qxe7 20. Nf3) 19... Bxd5 $2 (19... Nxd5 $17 20. exd5 Bxd5) 20. exd5 $16 exf4 21. gxf4 (21. Rxf4 $14 Re8 22. Rff1) 21... Bf6 $11 ({Reject} 21... Nxd5 22. c4 $16) 22. Nf3 (22. f5 $5) 22... Nf5 $36 {[%mdl 2048] Black has good play.} 23. Rae4 (23. Re2 $15) 23... Nc7 ({Black should play} 23... Qxd5 $17 24. Qa4 Qb7) 24. R4e2 {[#]} (24. Nd2 $15) 24... Qb5 $1 $17 ({Much weaker is} 24... Nxd5 $6 25. Nd2 $11) 25. c4 Qb3 26. Rd2 Re8 27. Kf1 (27. Rxe8+ $17 Rxe8 28. Qa3) 27... Ne3+ $19 28. Kg1 Nf5 $2 (28... Nc2 $19 29. Rxe8+ Nxe8) 29. Qa5 $2 (29. Kf1 $1 $11 {and White is okay.}) 29... Rxe1+ 30. Nxe1 Re8 (30... Bd4+ $19 31. Kh1 Re8) 31. Be4 $2 {[%mdl 8192]} (31. Nf3 $17 {nothing else works.} Re7 32. Qa3) 31... Bd4+ 32. Kh1 {[#]} (32. Rf2 $142 Rxe4 33. dxe4 Qxc4 34. exf5 Qxc1 35. fxg6 Nxd5 36. Qd8+ Kg7 37. Qe8 Kxg6 38. Qe4+ Kg7 39. Kh1 Bxf2 40. Qg2+ Kf8 41. Qxf2) 32... Rxe4 $1 {[%mdl 512]} 33. dxe4 Qh3 {[%csl Gh3][%cal Rf5g3]} 34. Rg2 {[#]} Ng3+ $1 {[%mdl 512] Precision: White = 18%, Black = 44%.} 0-1

[Event "Satka Autumn 2017"]
[Site "Satka"]
[Date "2017.09.16"]
[Round "5"]
[White "Charochkina, Daria"]
[Black "Vinokur, Yuliya"]
[Result "0-1"]
[WhiteElo "2339"]
[BlackElo "2086"]
[Annotator "TA"]
[PlyCount "140"]
[EventDate "2017.??.??"]
[EventType "swiss"]
[EventCountry "RUS"]
[SourceTitle "playchess.com"]
[Source "ChessBase"]
[SourceQuality "1"]

1. d4 {Program Activation Required} g6 2. Nc3 Bg7 3. Bf4 (3. e4 d6 4. h4 h5 5. Be3 c6 6. Qd2 b5 7. f3 Nd7 8. Nh3 Nb6 9. Ng5 Nf6 10. a4 Nc4 11. Bxc4 bxc4 12. O-O-O Rb8 13. e5 Nd5 14. Nxd5 cxd5 15. exd6 exd6 16. Rde1 O-O {1-0 (61) Sethuraman,S (2640)-Bachmann,A (2593) Berlin 2015}) 3... d6 4. Qd2 a6 5. h4 $146 ({Vorgänger:} 5. g3 Nd7 6. Bg2 c5 7. dxc5 Nxc5 8. e4 Be6 9. Rd1 Qb6 10. Nge2 Nf6 {0-1 (31) Boguszlavszkij,J (2272)-Istvanovszky,M (2161) Devecser 2009}) 5... h6 6. O-O-O {A40: Verschiedene (seltene) Antworten auf 1.d4} b5 7. e4 Nd7 8. e5 Nb6 9. Nf3 Bg4 10. Be2 Qd7 11. Ne4 O-O-O 12. Rhe1 Qc6 13. Bd3 Bxf3 14. gxf3 dxe5 15. dxe5 Nd5 16. Nc3 e6 17. Nxd5 exd5 18. e6 f5 19. h5 g5 20. e7 Re8 21. Bxf5+ Kb7 22. Re6 Qc4 23. Qa5 Qxf4+ 24. Kb1 Qa4 25. Qe1 Bf6 26. Rxd5 Nxe7 27. Be4 Kb8 28. Rd7 Rhf8 29. Bg6 Rd8 30. Rxf6 Rxd7 31. Rxf8+ Kb7 32. Bd3 Nc6 33. a3 Qd4 34. Re8 Rd6 35. Re4 Qf6 36. Qe3 Qf7 37. a4 bxa4 38. Rxa4 a5 39. Ra3 Qxh5 40. Be4 Qf7 41. Rd3 Qc4 42. Rxd6 cxd6 43. Bd3 Qd5 44. Qe8 Qe5 45. Qd7+ Kb6 46. Be4 Qc5 47. Qh7 Qxf2 48. Qxh6 Qf1+ 49. Ka2 Qc4+ 50. b3 Nb4+ 51. Kb1 Qc5 52. Qf6 Nc6 53. Bxc6 Kxc6 54. Qd8 Kb5 55. Qa8 Qe5 56. Qb7+ Kc5 57. Qc7+ Kd4 58. Qb6+ Kc3 59. Qc6+ Kd2 60. Qc4 Ke1 61. Qd3 Kf2 62. Ka2 d5 63. Qd1 d4 64. Qd3 Qe3 65. Qf5 Qd2 66. Ka3 Ke1 67. Qg4 Kd1 68. Qe4 Qc3 69. Qd3+ Qxd3 70. cxd3 Kc2 0-1

[Event "Satka Autumn 2017"]
[Site "Satka"]
[Date "2017.09.16"]
[Round "5"]
[White "Semenova, Elena"]
[Black "Nasyrova, Ekaterina"]
[Result "1-0"]
[WhiteElo "2284"]
[BlackElo "2017"]
[Annotator "TA"]
[PlyCount "139"]
[EventDate "2017.??.??"]
[EventType "swiss"]
[EventCountry "RUS"]
[SourceTitle "playchess.com"]
[Source "ChessBase"]
[SourceQuality "1"]

{[%evp 9,139,0,10,11,24,24,30,4,22,20,36,0,0,0,31,32,42,35,39,35,30,40,106,112,158,158,154,159,158,154,171,156,158,139,143,141,141,129,127,127,131,129,144,136,136,141,150,122,149,141,162,166,166,145,145,140,160,143,150,143,159,125,112,110,114,114,158,114,120,70,127,74,75,75,74,72,82,85,76,82,73,77,90,81,90,70,100,91,99,78,87,72,76,77,260,257,247,230,228,0,255,248,254,245,439,231,227,182,581,528,584,432,810,416,797,522,785,506,918,893,862,841,785,728,647,618,5039,541,29977,29978,29962,703]} 1. e4 e5 2. Nf3 Nc6 3. Bb5 Nf6 4. d3 Bc5 5. O-O d6 (5... Nd4 $5 {[%cal Rd4b5]} 6. Be3 c6 7. Nxd4 exd4 $11) 6. c3 {aiming for d4. C65: Ruy Lopez: Berlin Defence (3...Nf6), unusual lines and 4 0-0 Bc5} Bb6 (6... O-O 7. h3 Ne7 8. d4 Bb6 9. Bd3 Ng6 10. Re1 Re8 11. Qc2 exd4 12. cxd4 c5 13. dxc5 Bxc5 14. Nc3 Be6 15. Be3 {½-½ (40) Anand,V (2794)-Caruana,F (2762) Moscow 2016}) 7. Na3 O-O $146 ({Predecessor:} 7... h6 8. Nc4 O-O 9. a4 Ne7 10. a5 Bc5 11. b4 a6 12. bxc5 axb5 13. cxd6 bxc4 14. dxe7 Qxe7 {1-0 (38) Meszaros,L (2190)-Hruby,M (2104) Czechia 2004}) 8. Bg5 {White has an edge.} h6 9. Bh4 g5 10. Bg3 (10. Nxg5 $5 hxg5 11. Bxg5 $11) 10... Ne7 11. Nc4 c6 12. Ba4 {Hoping for Nxd6!} Bc7 {...b5 is the strong threat.} 13. Bc2 Ng6 14. d4 {[%cal Rd4e5]} Qe7 15. Re1 Bg4 (15... Nf4 $14) 16. Ne3 $16 Kh7 {[#]} 17. Nxg5+ $1 {[%mdl 512]} hxg5 18. Nxg4 Nxg4 19. Qxg4 Rh8 20. Rad1 {Strongly threatening dxe5.} Kg7 21. dxe5 Nxe5 22. Qf5 Rad8 23. Bb3 Qf6 24. Qxf6+ Kxf6 25. h3 Bb6 26. Kf1 Ke7 27. Rd2 Rh6 28. Ke2 Ng6 29. Bd1 Nh4 30. Kf1 Ng6 31. Bg4 Ne5 32. Bf5 f6 33. Red1 Rhh8 34. Ke2 Rhe8 35. h4 gxh4 36. Bxh4 Nc4 37. Rc2 Kf7 38. Kf1 Rh8 39. Bg3 d5 {[#]} (39... Rdg8 $14) 40. b3 (40. exd5 $142 $1 cxd5 41. Bh3) 40... Rh1+ 41. Ke2 Rxd1 42. Kxd1 dxe4+ 43. Ke2 Nd6 44. Bxd6 Rxd6 45. Bxe4 {[%mdl 4096] Endgame KRB-KRB} Rd8 46. Kf3 Rd1 47. Re2 Bc7 48. Bf5 Be5 49. c4 b6 50. g3 c5 51. Kg4 Rd4+ $2 (51... Bc3 $16 {was necessary.}) 52. f4 $18 Bd6 53. Rh2 Bf8 54. Re2 Bd6 $1 55. Be6+ Kg6 56. Bd5 Rd1 $2 (56... Bf8 {was called for.} 57. Re8 Bg7) 57. Re6 (57. Re8 $142) 57... Bf8 58. Re8 Kg7 $2 (58... f5+ 59. Kh3 Bg7) 59. Ra8 a5 60. Ra7+ Kh6 (60... Kg6 $142 61. Be4+ f5+ 62. Bxf5+ Kf6) 61. Rb7 Ra1 (61... Kg6 $142 62. Be4+ f5+ 63. Bxf5+ Kf6 64. Rxb6+ Rd6) 62. Rxb6 Kg7 63. Rb7+ Kh6 (63... Kg6 $142 64. Be4+ f5+ 65. Bxf5+ Kf6) 64. Be4 {[%csl Ge4][%cal Rb7h7]} Bg7 65. a4 Ra3 66. Rc7 Rxb3 67. Rxc5 {[%csl Gg4][%cal Rc5h5]} f5+ 68. Bxf5 (68. Rxf5 $142 {[%csl Gg4][%cal Rf5h5]} Bd4 69. Rf7) 68... Bd4 69. Rc7 {[%csl Gf5][%cal Rc7h7]} Bg7 70. Rc6+ {Precision: White = 47%, Black = 40%.} 1-0

[Event "Satka Autumn 2017"]
[Site "Satka"]
[Date "2017.09.16"]
[Round "5"]
[White "Makarenko, Alexandra"]
[Black "Schepetkova, Margarita"]
[Result "1/2-1/2"]
[WhiteElo "2251"]
[BlackElo "2266"]
[Annotator "TA"]
[PlyCount "58"]
[EventDate "2017.??.??"]
[EventType "swiss"]
[EventCountry "RUS"]
[SourceTitle "playchess.com"]
[Source "ChessBase"]
[SourceQuality "1"]

1. e4 {Program Activation Required} c6 2. d4 d5 3. e5 c5 4. dxc5 e6 5. a3 Bxc5 6. b4 {B12: Caro-Kann (Vorstoß-Variante)} Bb6 (6... Be7 7. Nf3 a5 8. bxa5 Nc6 9. Bd3 Qxa5+ 10. Bd2 Qc7 11. O-O f6 12. exf6 Nxf6 {1-0 (33) Kravtsiv,M (2657)-Cheparinov,I (2703) Kocaeli 2017}) 7. Qg4 Ne7 8. Nf3 Qc7 9. Qxg7 Rg8 10. Qxh7 a5 $146 ({Vorgänger:} 10... Nbc6 11. Be3 Bxe3 12. fxe3 Nxe5 {0-1 (64) Roganovic,M (2383)-Bodiroga,P (2405) Novi Sad 2008}) 11. h4 Rg4 12. Qd3 Nbc6 13. Bb2 Nd4 14. Kd1 Nec6 15. h5 Nxf3 16. Qxf3 Nxe5 17. Bb5+ Bd7 18. Bxe5 Qxe5 19. Qxg4 Qxa1 20. Qg8+ Ke7 21. Qxa8 Qxb1+ 22. Kd2 Qxh1 23. Qxb7 Qxg2 24. Qxb6 Qg5+ 25. Kd3 Qf5+ 26. Kd2 Qg5+ 27. Kd3 Qf5+ 28. Kd2 Qg5+ 29. Kd3 Qf5+ 1/2-1/2

[Event "Satka Autumn 2017"]
[Site "Satka"]
[Date "2017.09.16"]
[Round "5"]
[White "Sazonova, Anastasia"]
[Black "Lomakina, Galja"]
[Result "0-1"]
[WhiteElo "2155"]
[BlackElo "1962"]
[Annotator "TA"]
[PlyCount "133"]
[EventDate "2017.??.??"]
[EventType "swiss"]
[EventCountry "RUS"]
[SourceTitle "playchess.com"]
[Source "ChessBase"]
[SourceQuality "1"]

1. d4 {Program Activation Required} Nf6 2. Nf3 g6 3. g3 Bg7 4. Bg2 O-O 5. O-O d6 6. b3 c6 7. Bb2 Bf5 8. Nbd2 a5 {A49: Königsindisch (ohne c2-c4)} (8... Qc8 9. Re1 Bh3 10. e4 Bxg2 11. Kxg2 Nh5 12. e5 dxe5 13. dxe5 Na6 14. Qe2 Qg4 15. Qe4 Qxe4 16. Nxe4 {1-0 (43) Fressinet,L (2660)-Nevednichy,V (2548) Nancy 2017}) 9. a4 Na6 10. Re1 d5 11. Ne5 Nb4 12. Nd3 $146 ({Vorgänger:} 12. Rc1 Na2 13. Rb1 Nb4 14. Nd3 Nxd3 15. cxd3 Qd7 16. Bc3 Bh3 {½-½ (32) Al Huwar,J (2268)-Al Ghamdi,A Doha 2013}) 12... Nxd3 13. cxd3 Qd7 14. Nf3 Bh3 15. Ne5 Qc8 16. Bh1 Nd7 17. Rc1 Qd8 18. Qd2 Be6 19. Nxd7 Qxd7 20. Rc5 b6 21. Rc2 Rfc8 22. Rec1 Qd6 23. e3 Bd7 24. e4 e6 25. Bg2 Rcb8 26. Ra1 Rb7 27. Ba3 Qb8 28. e5 Bf8 29. Bxf8 Qxf8 30. h4 c5 31. Qe3 cxd4 32. Qxd4 b5 33. axb5 Rxb5 34. Rca2 h5 35. Qc3 Rc8 36. Qb2 Qb4 37. Bf1 Rc3 38. Ra4 Qxb3 39. Qxb3 Rcxb3 40. d4 Rb1 41. Kg2 Rxa1 42. Rxa1 Rb4 43. Rxa5 Rxd4 44. Ra8+ Kg7 45. Ra7 Ba4 46. f4 Rb4 47. Kf2 Bc2 48. Bh3 Rb6 49. Ke3 Be4 50. Rc7 Rb3+ 51. Kd2 Bf5 52. Bxf5 gxf5 53. Rc3 Rxc3 54. Kxc3 Kf8 55. Kd4 Ke7 56. Kc5 Kd7 57. Kb5 Kc8 58. Kb4 Kd7 59. Kb5 Ke7 60. Kc5 f6 61. Kb4 fxe5 62. fxe5 Kf7 63. Kc5 Kg6 64. Kd4 f4 65. gxf4 Kf5 66. Ke3 Kg4 67. Kd4 0-1

[Event "Satka Autumn 2017"]
[Site "Satka"]
[Date "2017.09.16"]
[Round "5"]
[White "Trapeznikova, Darya"]
[Black "Mirzoeva, Elmira"]
[Result "0-1"]
[WhiteElo "2101"]
[BlackElo "2329"]
[Annotator "TA"]
[PlyCount "120"]
[EventDate "2017.??.??"]
[EventType "swiss"]
[EventCountry "RUS"]
[SourceTitle "playchess.com"]
[Source "ChessBase"]
[SourceQuality "1"]

{[%evp 11,120,2,8,-13,-10,-13,-10,-4,4,-31,-47,-110,-110,-155,-154,-174,-173,-184,-189,-175,-174,-181,-187,-262,-266,-319,-293,-340,-335,-329,-319,-293,-292,-543,-150,-187,-145,-164,-8,-2,-6,-27,0,0,8,-9,-5,-10,0,-72,-63,-65,-50,-133,-98,-134,-160,-179,-111,-218,-211,-219,-196,-257,-227,-208,-145,-185,-166,-185,-170,-205,-207,-205,-200,-197,-185,-443,-443,-429,-429,-481,-481,-461,-244,-189,-189,-658,-641,-6207,-5808,-2731,-2018,-29969,-29970,-29967,-29967,-29973,-29976,-29976,-29977,-29971,-29972,-29972,-29973,-29988,-29988,-29988,-29989,-29989,-29990]} 1. f4 c5 2. Nf3 g6 3. g3 Bg7 4. Bg2 Nc6 5. O-O d6 6. e4 Nf6 {LiveBook: 29 Games. B20: Sicilian: Unusual White 2nd moves} (6... e6 7. c3 Nge7 8. d3 O-O 9. Be3 b6 10. Nbd2 Ba6 11. Ne1 d5 12. e5 d4 13. Bf2 dxc3 14. bxc3 Bxd3 15. Nxd3 Qxd3 16. Ne4 Qxd1 17. Rfxd1 Rad8 18. Kf1 {½-½ (38) Feygin,M (2485)-Nisipeanu,L (2678) Germany 2016}) 7. Qe2 O-O 8. c3 Rb8 {The position is equal.} 9. a4 a6 $146 ({Find the theoretical novelty and annotate with similar games:} 9... Na5 10. Na3 Bd7 11. Nc4 Nxc4 12. Qxc4 {0-1 (28) Engl,H-Jakirlic,N Bad Woerishofen 1995}) 10. Na3 Na5 11. d4 (11. e5 $15 dxe5 12. fxe5) 11... Nb3 $36 {[%mdl 2048] Black is in control.} 12. Ra2 cxd4 $1 13. Nxd4 Nxc1 14. Rxc1 e5 15. fxe5 dxe5 16. Nf3 Be6 17. c4 (17. Raa1 $142) 17... Bh6 $19 18. Rc3 {[#]} b5 $1 {[%mdl 512]} 19. axb5 axb5 20. b4 bxc4 21. Nxc4 Rxb4 22. h3 $2 (22. Bf1 {might work better.}) 22... Bg7 $2 (22... Nh5 $19 23. Kh2 Nxg3 $1 {[%mdl 512]} 24. Kxg3 Bxc4 25. Rxc4 Bf4+ 26. Kf2 Qb6+ 27. Nd4 Rb3) 23. Kh2 Qc7 24. Rac2 {[#]} Nxe4 $2 (24... Qb8 $1 $19 25. Ncd2 Rd8) 25. Qxe4 $11 Bf5 26. Qe2 {Threatens to win with Ne3.} Bxc2 (26... e4 $5 27. Nfd2 $8 Bxc3 28. Rxc3 Re8 $15) 27. Rxc2 {[%cal Rf3e5]} Re8 28. Ne3 Qa5 29. Nd2 e4 30. Ndc4 (30. Nec4 $11 Qa4 31. Nxe4) 30... Qc5 $17 31. Qd2 {Nd6 is the strong threat.} Bd4 {White must now prevent ...Rb3.} 32. Qe2 ({White should try} 32. h4 $15) 32... f5 33. Ra2 Reb8 34. h4 Rb3 (34... Kg7 $19 {Strongly threatening ...Rb3.} 35. Rd2 R8b7) 35. Nf1 (35. Ra5 $17 {was forced.} Qc7 36. Rd5) 35... Rc3 {[%cal Bb3c3,Bc3c6,Bc6b6,Bb6b7,Bb7a7][%mdl 32]} 36. Ncd2 {If only White now had time for Bxe4!...} Qd5 37. Qa6 (37. Nxe4 $142 fxe4 38. Bxe4) 37... Rc6 38. Qa4 Rcb6 39. Rc2 R6b7 40. Qa6 Kg7 41. Qa4 Ra7 42. Qc4 Qxc4 43. Nxc4 Rc7 {aiming for ...Rbc8.} 44. Nce3 $2 (44. Nfd2) 44... Rxc2 $19 45. Nxc2 Bc5 46. Nfe3 Rb3 47. Nd5 e3 (47... Bf2 $142 48. g4 Rb2 49. gxf5 gxf5) 48. Nf4 Rb2 49. Ne6+ $2 (49. Ne1 Bd6 50. Nfd3) 49... Kf6 50. Nxc5 Rxc2 51. Nd3 Rd2 52. Ne1 Rd1 {Black mates.} 53. Nc2 e2 54. Bf3 Rc1 55. Kg2 Rxc2 56. Kf2 Ke5 57. Bxe2 Ke4 58. h5 gxh5 59. Kf1 h4 60. gxh4 f4 {Precision: White = 28%, Black = 56%.} 0-1